000
00481nam a2200133Ia 4500
008
100328s9999 xx 000 0 und d
082
_b
64211
100
_a
घाणेकर माुसूदन.
245
_a
तुमचा हात तुम्हीच पहा.
260
_b
इंद्रायणी.
630
_a
तुमचा हात तुम्हीच पहा.
730
_a
तुमचा हात तुम्हीच पहा.
942
_c
BOOK
999
_c
550017
_d
550014